| 000 | 01936cam a22003854a 4500 | ||
|---|---|---|---|
| 001 | 3994 | ||
| 003 | FISKH | ||
| 005 | 20240529134343.0 | ||
| 008 | 050314s2005 maua j 001 0 eng | ||
| 010 | _a 2005007406 | ||
| 020 | _a9780753458648 | ||
| 020 | _a0753458640 | ||
| 040 |
_aDLC _cDLC _dDLC _beng |
||
| 042 | _apcc | ||
| 050 | 0 | 0 |
_aG535 _b.B94 2005 |
| 082 | 0 | 0 |
_a910.4/5 _222 |
| 100 | 1 |
_aButterfield, Moira _d1960- |
|
| 245 | 1 | 0 |
_aPirates & smugglers / _cMoira Butterfield ; foreword by Stephen Bligh. |
| 246 | 3 | _aPirates and smugglers | |
| 260 |
_aBoston : _bKingfisher, _c2005. |
||
| 300 |
_a63 pages : _bcolor illustrations, maps ; _c28 cm |
||
| 440 | 0 | _aKingfisher knowledge | |
| 500 | _aIncludes index. | ||
| 520 | _aExplores the colorful history of piracy and smuggling, including the Golden Age of buccaneers, Prohibition-era rumrunners, and endangered wildlife kidnapping. Pirates and Smugglers is a swashbuckling introduction to the highwaymen and women of the seas-from the cruel Cilician pirates who terrorized the Mediterranean more than 2,000 years ago to the well-organized and ruthless modern-day buccaneers who target supertankers on the South China Sea-and the loot they plunder and smuggle. | ||
| 650 | 0 |
_aPirates _vJuvenile literature. |
|
| 650 | 0 |
_aSmuggling _vJuvenile literature. |
|
| 650 | 0 |
_aPrivateering _vJuvenile literature. |
|
| 650 | 0 |
_aSmugglers _vJuvenile literature. |
|
| 856 | 4 | 1 |
_3Table of contents only _uhttp://www.loc.gov/catdir/toc/ecip059/2005007406.html |
| 856 | 4 | 2 |
_3Publisher description _uhttp://www.loc.gov/catdir/enhancements/fy0622/2005007406-d.html |
| 856 | 4 | 2 |
_3Contributor biographical information _uhttp://www.loc.gov/catdir/enhancements/fy0736/2005007406-b.html |
| 906 |
_a7 _bcbc _corignew _d1 _eecip _f20 _gy-gencatlg |
||
| 942 |
_2ddc _cBK _n0 |
||
| 999 |
_c3994 _d3994 |
||